Central Library OPAC University of Rajshahi

The Nigerian constitution : (Record no. 46465)

MARC details
000 -LEADER
fixed length control field 00942nam a2200289 a 4500
001 - CONTROL NUMBER
control field 46465
003 - CONTROL NUMBER IDENTIFIER
rucl marc code BD-RjUL
005 - DATE AND TIME OF LATEST TRANSACTION
control field 20211209054145.0
008 - FIXED-LENGTH DATA ELEMENTS--GENERAL INFORMATION
fixed length control field 160802s1963 enk 001 0 eng d
035 ## - SYSTEM CONTROL NUMBER
System control number (BD-RjUL)46583
040 ## - CATALOGING SOURCE
Original cataloging agency NZOC
Language of cataloging eng
Transcribing agency NZOC
Modifying agency NZOC
041 ## - LANGUAGE CODE
Language code of text/sound track or separate title eng
082 ## - DEWEY DECIMAL CLASSIFICATION NUMBER
Classification number 342.669029
Author mark and year ODN 1963
100 1# - MAIN ENTRY--PERSONAL NAME
Personal name Odumosu, Oluwole I.
Fuller form of name (Oluwole Idowu)
9 (RLIN) 141817
245 14 - TITLE STATEMENT
Title The Nigerian constitution :
Remainder of title history and development /
Statement of responsibility, etc. Oluwole I. Odumosu
260 ## - PUBLICATION, DISTRIBUTION, ETC. (IMPRINT)
Place of publication, distribution, etc. London :
Name of publisher, distributor, etc. Sweet & Maxwell,
Date of publication, distribution, etc. 1963.
300 ## - PHYSICAL DESCRIPTION
Pagination xix, 407 p. ;
Size 21 cm.
504 ## - BIBLIOGRAPHY, ETC. NOTE
Bibliography, etc Bibliographical footnotes.
610 10 - SUBJECT ADDED ENTRY--CORPORATE NAME
Corporate name or jurisdiction name as entry element Nigeria.
650 #0 - SUBJECT ADDED ENTRY--TOPICAL TERM
Topical term or geographic name as entry element Constitutional history
General subdivision Nigeria.
9 (RLIN) 141820
Topical term or geographic name as entry element Constitutional law
Geographic subdivision Nigeria.
9 (RLIN) 140229
651 #0 - SUBJECT ADDED ENTRY--GEOGRAPHIC NAME
Geographic name Nigeria
General subdivision Constitutional history.
9 (RLIN) 141821
710 1# - ADDED ENTRY--CORPORATE NAME
Corporate name or jurisdiction name as entry element Nigeria.
Form subheading Constitution.
9 (RLIN) 141822
942 ## - ADDED ENTRY ELEMENTS (KOHA)
Source of classification or shelving scheme Dewey Decimal Classification
Koha item type Books
Holdings
Lost status Source of classification or shelving scheme Damaged status Not for loan Collection code Permanent Location Current Location Shelving location Date acquired Source of acquisition Cost, normal purchase price Total Checkouts Full call number Date last seen Copy number Koha item type
  Dewey Decimal Classification     Non-fiction Central Library, University of Rajshahi Central Library, University of Rajshahi   27/02/1964 Zeitlinger 50.00   342.669029 ODN 1963 02/08/2016 C-2 Books